Statistics for Bandwagon Test: Golden State Warriors

Click here to take the quiz!

General Stats

  • This quiz has been taken 283 times
  • The average score is 14 of 20

Answer Stats

Clue Answer % Correct
Who is the Warriors starting PG?Stephen Curry
95%
Starting SG?Klay Thompson
94%
Starting PF?Draymond Green
94%
How many NBA championships have the Warriors won?5
92%
Who coaches the Warriors?Steve Kerr
92%
What is Curry's number?30
91%
Starting SF?Kevin Durant
91%
What team did the Warriors lose to in the 15-16 NBA Finals?Cavaliers
85%
Who won Finals MVP in 2015? (you must spell it correctly)Andre Iguodala
81%
Who has the most PPG in a season out of any Warrior ever?Wilt Chamberlain
78%
What town do the Warriors originate from?Philadelphia
76%
Who is the two time winner of the Shaqtin' a Fool MVP?Javale McGee
74%
What city do the Warriors play in?Oakland
71%
What year were the Warriors founded?1946
70%
Starting C?Zaza Pachulia
57%
What record did the Warriors get in the 2014-15 season?73-9
46%
What is the greatest amount of losses the Warriors have ever gotten in a season?65
44%
When did the Warriors win their first NBA championship?1956
41%
How many times have the Warriors made the playoffs?34
36%
Who owns the Warriors?Joseph Lacob
26%

Score Distribution

Percentile by Number Answered

Percent of People with Each Score

Your Score History

You have not taken this quiz